[Event "Loire-ch op 0506"]
[Site "Loire"]
[Date "2006.03.04"]
[Round "5"]
[White "Gregoire, Patrick"]
[Black "Goudet, Maxence"]
[Result "1-0"]
[WhiteElo "1550"]
[BlackElo "1370"]
[PlyCount "91"]
[EventDate "2005.11.27"]
[EventType "swiss"]
[EventRounds "6"]
[EventCountry "FRA"]
[SourceTitle "EXT 2008"]
[Source "ChessBase"]
[SourceDate "2007.11.25"]
[SourceVersion "1"]
[SourceVersionDate "2007.11.25"]
[SourceQuality "1"]

1. e4 e5 2. Nf3 Nc6 3. d4 d6 4. dxe5 dxe5 5. Qxd8+ Kxd8 6. Bc4 Ke8 7. Ng5 f6 8. Nf7 Bd6 9. Nxh8 Ke7 10. Nc3 Nb4 11. Nd5+ Nxd5 12. Bxd5 Be6 13. Bxb7 Rb8 14. Bd5 Bxd5 15. exd5 Nh6 16. Bxh6 gxh6 17. 0-0 Rxh8 18. Rfe1 Rb8 19. b3 Rb5 20. c4 Rb4 21. Re4 Kf7 22. Rd1 a5 23. Rd3 a4 24. g3 f5 25. Re2 e4 26. Rde3 Bc5 27. Rc3 Bd4 28. Rcc2 axb3 29. axb3 Rxb3 30. Ra2 Rc3 31. Rec2 Rb3 32. Kg2 h5 33. c5 Rb5 34. d6 cxd6 35. cxd6 Ke6 36. Ra6 Rb8 37. Rc7 Be5 38. d7+ Ke7 39. Rc8 Kxd7 40. Rxb8 Bxb8 41. Rf6 Ke7 42. Rxf5 e3 43. fxe3 Ba7 44. Kf3 Ke6 45. Rxh5 Kf6 46. Rxh7 1-0

[Event "Loire-ch op 0506"]
[Site "Loire"]
[Date "2006.02.11"]
[Round "3"]
[White "Gregoire, Patrick"]
[Black "Chabas, Jean Luc"]
[Result "0-1"]
[WhiteElo "1550"]
[BlackElo "1590"]
[PlyCount "92"]
[EventDate "2005.11.27"]
[EventType "swiss"]
[EventRounds "6"]
[EventCountry "FRA"]
[SourceTitle "EXT 2008"]
[Source "ChessBase"]
[SourceDate "2007.11.25"]
[SourceVersion "1"]
[SourceVersionDate "2007.11.25"]
[SourceQuality "1"]

1. e4 c6 2. Nf3 d5 3. e5 Bg4 4. d4 e6 5. h3 Bh5 6. Bd3 c5 7. g4 Bg6 8. Bxg6 hxg6 9. c3 cxd4 10. Nxd4 Ne7 11. Bg5 a6 12. Qa4+ Qd7 13. Qxd7+ Kxd7 14. Nd2 Nbc6 15. N2b3 Nxd4 16. Nxd4 Nc6 17. Nxc6 Kxc6 18. h4 Bc5 19. b4 Bb6 20. Rc1 Kd7 21. Ke2 Rac8 22. Rhd1 Rc4 23. Kf3 Rhc8 24. Rd3 Ke8 25. Bd2 Re4 26. Re1 Rcc4 27. Kg3 Rxg4+ 28. Kf3 Rxh4 29. Ke2 Rce4+ 30. Kd1 Bxf2 31. Rxe4 Rxe4 32. Rf3 Bb6 33. Bf4 Bc7 34. Kc2 Bxe5 35. Bxe5 Rxe5 36. Rh3 Rh5 37. Rg3 Rh2+ 38. Kb3 Ke7 39. Re3 Rh5 40. c4 dxc4+ 41. Kxc4 b5+ 42. Kb3 Rd5 43. a4 f5 44. axb5 axb5 45. Rh3 Kf6 46. Rh8 g5 0-1

[Event "Loire-ch op 0506"]
[Site "Loire"]
[Date "2005.11.27"]
[Round "2"]
[White "Maestracci, Olivier"]
[Black "Gregoire, Patrick"]
[Result "1-0"]
[WhiteElo "1699"]
[BlackElo "1550"]
[PlyCount "65"]
[EventDate "2005.11.27"]
[EventType "swiss"]
[EventRounds "6"]
[EventCountry "FRA"]
[SourceTitle "EXT 2008"]
[Source "ChessBase"]
[SourceDate "2007.11.25"]
[SourceVersion "1"]
[SourceVersionDate "2007.11.25"]
[SourceQuality "1"]

1. e4 e6 2. d4 d5 3. Nd2 c5 4. exd5 exd5 5. Bb5+ Bd7 6. Qe2+ Be7 7. dxc5 a6 8. Bxd7+ Nxd7 9. Ngf3 Ngf6 10. 0-0 0-0 11. Nb3 Nxc5 12. Nbd4 Re8 13. h3 Nfe4 14. Be3 Bg5 15. Rfe1 Bxe3 16. Qxe3 Nf6 17. Qd2 Nce4 18. Qc1 h6 19. c3 Qd7 20. Qc2 Rac8 21. Rad1 h5 22. Qb3 Nc5 23. Qc2 Rxe1+ 24. Rxe1 Nce4 25. Qd3 Nc5 26. Qc2 Re8 27. Rxe8+ Qxe8 28. Qf5 Na4 29. Qc2 Nc5 30. Kf1 Nfe4 31. Qe2 f5 32. Nxf5 Qg6 33. Ne7+ 1-0

[Event "Loire-ch op 0405"]
[Site "Loire"]
[Date "2004.10.16"]
[Round "1"]
[White "Desassis, Gregoire"]
[Black "Gregoire, Patrick"]
[Result "1-0"]
[WhiteElo "1600"]
[BlackElo "1390"]
[PlyCount "59"]
[EventDate "2004.10.16"]
[EventType "swiss"]
[EventRounds "9"]
[EventCountry "FRA"]
[SourceTitle "EXT 2008"]
[Source "ChessBase"]
[SourceDate "2007.11.25"]
[SourceVersion "1"]
[SourceVersionDate "2007.11.25"]
[SourceQuality "1"]

1. d4 d5 2. Nf3 Nc6 3. e3 Bg4 4. Nbd2 e6 5. Be2 Nf6 6. 0-0 Ne4 7. Nxe4 dxe4 8. Nd2 Bxe2 9. Qxe2 Qd5 10. c4 Qf5 11. f3 Qh5 12. Nxe4 f5 13. g4 Qh4 14. Nc5 Bd6 15. Nxe6 fxg4 16. fxg4 Kd7 17. Nxg7 Rhg8 18. Rf7+ Ne7 19. c5 Raf8 20. Rxf8 Rxf8 21. cxd6 cxd6 22. Bd2 Rf7 23. Nh5 Nd5 24. Nf4 Nf6 25. h3 Ne4 26. Qb5+ Kc8 27. Rc1+ Rc7 28. Qe8+ Qd8 29. Rxc7+ Kxc7 30. Ne6+ 1-0

[Event "Loire-ch op"]
[Site "Loire"]
[Date "2004.05.15"]
[Round "7"]
[White "Brachet, Gerard"]
[Black "Gregoire, Patrick"]
[Result "1-0"]
[WhiteElo "1350"]
[BlackElo "1499"]
[PlyCount "55"]
[EventDate "2004.01.10"]
[EventType "swiss"]
[EventRounds "9"]
[EventCountry "FRA"]
[SourceTitle "EXT 2008"]
[Source "ChessBase"]
[SourceDate "2007.11.25"]
[SourceVersion "1"]
[SourceVersionDate "2007.11.25"]
[SourceQuality "1"]

1. e4 e5 2. Nf3 Nc6 3. Bc4 Be7 4. d3 d6 5. Be3 h6 6. 0-0 Bg5 7. Qd2 Bxe3 8. Qxe3 Nf6 9. h3 d5 10. exd5 Nxd5 11. Qe2 Be6 12. Nxe5 Nd4 13. Qd2 Qg5 14. Qxg5 hxg5 15. Nc3 Nxc3 16. bxc3 Nxc2 17. Rab1 Na3 18. Rxb7 Nxc4 19. Nxc4 g4 20. hxg4 Bxg4 21. Re1+ Kd8 22. Ne5 Kc8 23. Rb4 Be6 24. a4 a5 25. Rb2 f6 26. Ng6 Rh6 27. Rxe6 Rb8 28. Re8+ 1-0